Social media communication : (Record no. 19673)

MARC details
000 -LEADER
fixed length control field 03216cam a2200397 i 4500
001 - CONTROL NUMBER
control field 21598076
003 - CONTROL NUMBER IDENTIFIER
control field OSt
005 - DATE AND TIME OF LATEST TRANSACTION
control field 20221019131429.0
008 - FIXED-LENGTH DATA ELEMENTS--GENERAL INFORMATION
fixed length control field 200613s2021 nyua b 001 0 eng
010 ## - LIBRARY OF CONGRESS CONTROL NUMBER
LC control number 2020025640
020 ## - INTERNATIONAL STANDARD BOOK NUMBER
International Standard Book Number 0367194956
040 ## - CATALOGING SOURCE
Original cataloging agency LBSOR/DLC
Language of cataloging eng
Transcribing agency DLC
Description conventions rda
Modifying agency DLC
042 ## - AUTHENTICATION CODE
Authentication code pcc
050 00 - LIBRARY OF CONGRESS CALL NUMBER
Classification number HM741
Item number .L57 2021
082 00 - DEWEY DECIMAL CLASSIFICATION NUMBER
Classification number 302.23/1
Edition number 23
100 1# - MAIN ENTRY--PERSONAL NAME
Personal name Lipschultz, Jeremy Harris,
Dates associated with a name 1958-
Relator term author.
245 10 - TITLE STATEMENT
Title Social media communication :
Remainder of title concepts, practices, data, law and ethics /
Statement of responsibility, etc. Jeremy Harris Lipschultz.
250 ## - EDITION STATEMENT
Edition statement 3rd ed.
264 #1 - PRODUCTION, PUBLICATION, DISTRIBUTION, MANUFACTURE, AND COPYRIGHT NOTICE
Place of production, publication, distribution, manufacture New York :
Name of producer, publisher, distributor, manufacturer Routledge, Taylor & Routledge Group,
Date of production, publication, distribution, manufacture, or copyright notice 2021.
300 ## - PHYSICAL DESCRIPTION
Extent xix, 367 p :
Other physical details illustrations (black and white) ;
Dimensions 26 cm
336 ## - CONTENT TYPE
Content type term text
Content type code txt
Source rdacontent
337 ## - MEDIA TYPE
Media type term unmediated
Media type code n
Source rdamedia
338 ## - CARRIER TYPE
Carrier type term volume
Carrier type code nc
Source rdacarrier
504 ## - BIBLIOGRAPHY, ETC. NOTE
Bibliography, etc Includes bibliographical references and index.
505 0# - FORMATTED CONTENTS NOTE
Formatted contents note Introduction to social media concepts -- CMC, diffusion and social theories -- Social media in journalism -- Social media in public relations -- Social media in advertising and marketing -- Social media metrics and analytics -- New and mobile media technologies, innovation and investment -- Big data and privacy -- Law and regulation -- Social media ethics -- Best practices in social media -- Future of social media and information literacy.
520 ## - SUMMARY, ETC.
Summary, etc. "This updated third edition presents a wide-scale, interdisciplinary guide to social media. Examining platforms like Facebook, Instagram, LinkedIn, Snapchat, TikTok, Twitter and YouTube, the book analyzes social media's use in journalism, broadcasting, public relations, advertising and marketing. Lipschultz focuses on key concepts, best practices, data analyses, law and ethics - all promoting the critical thinking that is needed to use new, evolving and maturing networking tools effectively within social and mobile media spaces. Featuring historical markers and contemporary case studies, essays from some of the industry's leading social media innovators and a comprehensive glossary, this practical, multipurpose textbook gives readers the resources they will need to both evaluate and utilize current and future forms of social media communication. Among other changes, updates to the third edition include a deep dive into new approaches to analytics, as well as greater discussion of law and ethics in light of the Facebook Cambridge Analytica scandal, the roll-out of GDPR and new case law relating to social media. Social Media Communication is the perfect social media primer for students and professionals, and, with a dedicated teaching guide, ideal for instructors, too"--
Assigning source Provided by publisher.
650 #0 - SUBJECT ADDED ENTRY--TOPICAL TERM
Topical term or geographic name as entry element Social media.
650 #0 - SUBJECT ADDED ENTRY--TOPICAL TERM
Topical term or geographic name as entry element Social networks.
650 #0 - SUBJECT ADDED ENTRY--TOPICAL TERM
Topical term or geographic name as entry element Online social networks.
650 #0 - SUBJECT ADDED ENTRY--TOPICAL TERM
Topical term or geographic name as entry element Social media
General subdivision Law and legislation.
650 #0 - SUBJECT ADDED ENTRY--TOPICAL TERM
Topical term or geographic name as entry element Social media
General subdivision Moral and ethical aspects.
776 08 - ADDITIONAL PHYSICAL FORM ENTRY
Relationship information Online version:
Main entry heading Lipschultz, Jeremy Harris, 1958-
Title Social media communication.
Edition Third edition
Place, publisher, and date of publication New York, NY : Routledge, 2020
International Standard Book Number 9780429202834
Record control number (DLC) 2020025641
906 ## - LOCAL DATA ELEMENT F, LDF (RLIN)
a 7
b cbc
c orignew
d 1
e ecip
f 20
g y-gencatlg
942 ## - ADDED ENTRY ELEMENTS (KOHA)
Source of classification or shelving scheme Library of Congress Classification
Koha item type General Collection
Holdings
Withdrawn status Lost status Source of classification or shelving scheme Not for loan Home library Current library Date acquired Cost, normal purchase price Total Checkouts Full call number Barcode Date last seen Date last checked out Price effective from Koha item type
    Library of Congress Classification   Kabarak, Main Campus Kabarak, Main Campus 19/10/2022 5815.00 1 HM741 .L57 2021 c.1 032343 14/03/2023 27/02/2023 19/10/2022 General Collection
Designed with assistance from East African Informatics Ltd